[Event "Las Palmas op"]
[Site "Las Palmas"]
[Date "1991.??.??"]
[Round "3"]
[White "Reyes, Juan"]
[Black "Lezcano Montalvo, Pedro"]
[Result "1-0"]
[WhiteElo "2415"]
[BlackElo "2250"]

1.e4 g6 2.d4 Bg7 3.Nc3 Nc6 4.Be3 d5 5.Bb5 a6 6.Bxc6+ bxc6 7.Nf3 Rb8 8.b3 Nh6
9.Ne5 Qd6 10.Qd2 Ng4 11.Nxg4 Bxg4 12.h3 Bc8 13.e5 Qe6 14.Na4 f6 15.Nc5 Qf5
16.f4 Qh5 17.e6 f5 18.a4 O-O 19.Bf2 Bh6 20.O-O Bg7 21.Rae1 Bf6 22.Kh2 Kh8
23.Qd1 Qxd1 24.Rxd1 Rd8 25.Be1 Rd6 26.Ba5 Rb6 27.Rfe1 Kg8 28.g4 Kf8 29.Re2 Ke8
30.c3 Kf8 31.b4 Ke8 32.Rde1 Kf8 33.Kg3 Ke8 34.h4 fxg4 35.Kxg4 Kf8 36.h5 Kg7
37.hxg6 hxg6 38.f5 Rd8 39.Rh2 Rg8 40.fxg6 Kxg6 41.Rg1 Bxe6+ 42.Kf3+ Kf5 43.Rh5+  1-0

[Event "Russian Winter op"]
[Site "Moscow"]
[Date "1991.??.??"]
[Round "?"]
[White "Shabanov, Yuri"]
[Black "Cherniak, L."]
[Result "1/2-1/2"]
[WhiteElo "2410"]
[BlackElo "2415"]

1.e4 g6 2.d4 Bg7 3.Nc3 c5 4.Nf3 cxd4 5.Nxd4 Nc6 6.Be3 Nf6 7.Be2 O-O 8.O-O d5
9.exd5 Nxd5 10.Nxd5 Qxd5 11.Bf3 Qc4 12.Bxc6 bxc6 13.c3 e5 14.Nb3 Bf5 15.Qc1 Rfd8
16.Nc5 e4 17.Rd1 Rd5 18.Rxd5 Qxd5 19.Nb3 a5 20.Bd4 a4 21.Bxg7 Kxg7 22.Nd4 Bd7
23.Nc2 c5 24.Ne3 Qe5 25.b3 Be6 26.bxa4 Rxa4 27.a3 f5 28.g3 f4 29.gxf4 Qxf4  1/2-1/2

[Event "Moscow6"]
[Site "Moscow"]
[Date "1991.??.??"]
[Round "?"]
[White "Maljutin, Evgeni"]
[Black "Hramtsov, A."]
[Result "1/2-1/2"]
[WhiteElo "2435"]
[BlackElo "2275"]

1.e4 g6 2.d4 Bg7 3.Nc3 Nc6 4.Be3 d5 5.exd5 Nb4 6.a3 Nxd5 7.Nxd5 Qxd5 8.Nf3 Nh6
9.c4 Qd8 10.Bf4 O-O 11.Be2 Bg4 12.O-O Nf5 13.d5 c5 14.Rb1 a5 15.b3 Re8 16.Ng5 Bxe2
17.Qxe2 Nd4 18.Qd3 b6 19.Rfe1 h6 20.Nf3 Nxf3+ 21.Qxf3 Ra7 22.Be5 Bxe5 23.Rxe5 Qd6
24.Qe4 Kg7 25.a4 e6 26.dxe6 Rxe6 27.Rxe6 Qxe6 28.Qxe6 fxe6 29.Rd1 Kf6 30.Rd8 Rc7
31.Kf1 Rc6 32.Ke2 h5 33.Ke3 Ke7 34.Rg8 Kf7 35.Rb8 Rd6 36.h4 Kf6 37.Rf8+ Ke7
38.Rg8 Kf6 39.Rf8+ Ke7 40.Rb8 Kf6  1/2-1/2

[Event "Russian Winter op"]
[Site "Moscow"]
[Date "1991.??.??"]
[Round "?"]
[White "Babaeva, F."]
[Black "Hramtsov, A."]
[Result "1/2-1/2"]
[WhiteElo "2030"]
[BlackElo "2300"]

1.e4 g6 2.d4 Bg7 3.Nc3 Nc6 4.Nf3 d6 5.h3 Nf6 6.Be2 O-O 7.O-O Re8 8.Be3 e5
9.dxe5 Nxe5 10.Nxe5 Rxe5 11.Bf4 Re8 12.e5 dxe5 13.Qxd8 Rxd8 14.Bxe5 Bf5 15.Bxc7 Rd7
16.Bf4 Bxc2 17.Rac1 Bf5 18.Rfd1 Rxd1+ 19.Rxd1 Ne4 20.Nxe4 Bxe4 21.b4 Bf6
22.g4 Rd8 23.Rxd8+ Bxd8  1/2-1/2

[Event "Muenster op"]
[Site "Muenster"]
[Date "1991.??.??"]
[Round "6"]
[White "Zude, Arno"]
[Black "Galdunts, Sergey"]
[Result "1-0"]
[WhiteElo "2385"]
[BlackElo "2470"]

1.e4 g6 2.d4 Bg7 3.Nc3 a6 4.Be3 b5 5.Qd2 Bb7 6.f3 d6 7.Nge2 c6 8.O-O-O Nd7
9.g4 Qa5 10.h4 h6 11.Ng3 e6 12.Be2 O-O-O 13.a3 Ne7 14.Kb1 Qc7 15.h5 g5 16.f4 gxf4
17.Bxf4 e5 18.Be3 d5 19.exd5 cxd5 20.Nf5 Nxf5 21.gxf5 Nb6 22.Rhg1 Bf6 23.dxe5 Bxe5
24.Bd4 Nc4 25.Bxc4 dxc4 26.Qe3 Bf4 27.Qf2 Rhe8 28.Bb6 Rxd1+ 29.Rxd1 Qe5 30.Nd5 Bxd5
31.Qc5+ Kb8 32.Rxd5 Qe7 33.Rd8+ Qxd8 34.Bxd8 Rxd8 35.Qb6+  1-0

[Event "Ostrava"]
[Site "Ostrava"]
[Date "1991.??.??"]
[Round "5"]
[White "Bashkov, Viacheslav"]
[Black "Vokac, Marek"]
[Result "0-1"]
[WhiteElo "2470"]
[BlackElo "2440"]

1.e4 g6 2.d4 Bg7 3.Nc3 d5 4.exd5 Nf6 5.Bc4 Nbd7 6.Nf3 O-O 7.O-O Nb6 8.Bb3 a5
9.a4 Nbxd5 10.Nxd5 Nxd5 11.Re1 Bg4 12.h3 Bxf3 13.Qxf3 e6 14.Qg4 c6 15.Bg5 Qb6
16.Rad1 h6 17.Bc1 Kh7 18.h4 h5 19.Qe4 Nf6 20.Qd3 Ng4 21.Qc4 Rad8 22.c3 e5
23.f3 Nh6 24.Bg5 Rd7 25.Be3 Nf5 26.Bf2 exd4 27.Bc2 Rd5 28.Bxf5 Rxf5 29.Bxd4 Qxb2
30.Bxg7 Kxg7 31.Qd4+ Kg8 32.Rb1 Qc2 33.Rec1 Qa2 34.c4 Qxa4 35.Rxb7 c5 36.Qd7 Qa2
37.Qe7 Qd2 38.Rcb1 Qd4+ 39.Kh1 Re5 40.Qd7 Qxh4+ 41.Kg1 Re2 42.Qh3 Qxc4 43.Qg3 Qd4+
44.Kh2 h4 45.Qg5 h3 46.Kxh3 Kg7 47.Rb8 Re5 48.Qg4 Rh5+ 49.Kg3 Qd6+  0-1

[Event "Rimavska Sobota"]
[Site "Rimavska Sobota"]
[Date "1991.??.??"]
[Round "2"]
[White "Polgar, Sofia"]
[Black "Fries Nielsen, Jens Ove"]
[Result "0-1"]
[WhiteElo "2425"]
[BlackElo "2415"]

1.e4 g6 2.d4 Bg7 3.Nc3 Nc6 4.Nf3 d6 5.h3 Nf6 6.Bg5 O-O 7.Qd2 d5 8.exd5 Nxd5
9.Bh6 Nxc3 10.Bxg7 Kxg7 11.Qxc3 Qd5 12.O-O-O Be6 13.b3 Bf5 14.Nh4 Bd7 15.Rd2 Kg8
16.Qe3 Qd6 17.c3 a5 18.Nf3 Qa3+ 19.Kd1 a4 20.Qh6 f6 21.Bc4+ e6 22.d5 Ne7
23.dxe6 Bc6 24.Nd4 axb3 25.Nxc6 bxc6 26.Bxb3 Rab8 27.Re1 Rxb3 28.axb3 Qxb3+
29.Ke2 Qc4+ 30.Rd3 Nd5 31.g3 Ra8 32.Qd2 Ra2 33.Rb1 Nxc3+ 34.Ke1 Qe4+  0-1

[Event "San Fernando op"]
[Site "San Fernando"]
[Date "1991.??.??"]
[Round "?"]
[White "Doncevic, Dario"]
[Black "Palacios de la Prida, Ernesto"]
[Result "1/2-1/2"]
[WhiteElo "2345"]
[BlackElo "2260"]

1.e4 g6 2.d4 Bg7 3.Nc3 d5 4.exd5 Nf6 5.Bc4 O-O 6.h3 c6 7.dxc6 Nxc6 8.Nf3 Ne8
9.d5 Nd6 10.Bb3 Na5 11.O-O b5 12.Qe2 Bb7 13.Rd1 Qd7 14.Bf4 Nac4 15.Bxd6 exd6
16.Bxc4 bxc4 17.Qxc4 Rac8 18.Qd3 Rc5 19.Nd4 Rfc8 20.Qf3 Rc4 21.Nde2 Rb4 22.Rab1 Ba6  1/2-1/2

[Event "San Fernando op"]
[Site "San Fernando"]
[Date "1991.??.??"]
[Round "?"]
[White "De la Villa Garcia, Jesus Maria"]
[Black "Palacios de la Prida, Ernesto"]
[Result "1/2-1/2"]
[WhiteElo "2475"]
[BlackElo "2260"]

1.e4 g6 2.d4 Bg7 3.Nc3 d5 4.exd5 Nf6 5.Bc4 O-O 6.h3 c6 7.dxc6 Nxc6 8.Nf3 Ne8
9.Ne2 Nd6 10.Bb3 Na5 11.O-O Nxb3 12.axb3 b5 13.c3 Bb7 14.Nf4 b4 15.Nd3 a5
16.Nc5 Bd5 17.Re1 Rc8 18.Ne5 Nf5 19.Bd2 Nh4 20.f3 Qd6 21.Ne4 Qc7 22.Bf4 bxc3
23.bxc3 Bxe4 24.Rxe4 Qxc3 25.Bd2 Qb2 26.Rxh4 Bxe5 27.Rb1 Qa3 28.Ra1 Qb2  1/2-1/2

[Event "St Ingbert op"]
[Site "St Ingbert"]
[Date "1991.??.??"]
[Round "2"]
[White "Pirrot, Dieter"]
[Black "Galdunts, Sergey"]
[Result "0-1"]
[WhiteElo "2325"]
[BlackElo "2470"]

1.e4 g6 2.d4 Bg7 3.Nc3 a6 4.a4 d6 5.Be3 Nf6 6.h3 Nbd7 7.Nf3 O-O 8.a5 b5 9.axb6 cxb6
10.Bd3 Bb7 11.O-O b5 12.d5 Qc7 13.Bd4 Nc5 14.b4 e5 15.Be3 Nxd3 16.Qxd3 Rac8
17.Ra3 Nh5 18.g3 Qd7 19.Kh2 h6 20.Nh4 Rc4 21.Na4 Bc8 22.g4 Qd8 23.Nf3 Nf4
24.Bxf4 exf4 25.c3 a5  0-1

[Event "Star Dojran"]
[Site "Star Dojran"]
[Date "1991.??.??"]
[Round "10"]
[White "Piskov, Yury"]
[Black "Gicev, Blagoja"]
[Result "1-0"]
[WhiteElo "2440"]
[BlackElo "2315"]

1.d4 g6 2.e4 Bg7 3.Nc3 c5 4.d5 d6 5.Be2 Nf6 6.h3 O-O 7.Nf3 b5 8.Nd2 b4 9.Ncb1 e6
10.c4 exd5 11.exd5 Nbd7 12.O-O a5 13.a4 Re8 14.Ra2 Nf8 15.Bd3 Bf5 16.Bxf5 gxf5
17.b3 Ng6 18.Nf3 Ra7 19.Qd3 Ne4 20.Re1 Rae7 21.Rae2 Qd7 22.h4 Nc3 23.Nxc3 Bxc3
24.Rxe7 Rxe7 25.Rxe7 Qxe7 26.Qxf5 Nxh4 27.Nxh4 Qxh4 28.Bg5 Qh5 29.g4 Qh3
30.Be7 Be5 31.Qc8+  1-0

[Event "Triberg"]
[Site "Triberg"]
[Date "1991.??.??"]
[Round "9"]
[White "Reinhardt, Bernd"]
[Black "Blum, Gernot"]
[Result "1-0"]
[WhiteElo "2255"]
[BlackElo "2325"]

1.d4 g6 2.e4 Bg7 3.Nc3 c5 4.d5 d6 5.Nge2 Nf6 6.Ng3 O-O 7.Be2 e5 8.Be3 Ne8
9.Qd2 f5 10.exf5 gxf5 11.f4 Nd7 12.Nh5 Bh8 13.O-O-O Nef6 14.Ng3 Ne8 15.Rdf1 e4
16.Nh5 Ndf6 17.Nxf6+ Nxf6 18.h3 b5 19.g4 b4 20.Nd1 Kf7 21.Rfg1 Qa5 22.Kb1 c4
23.Bxc4 fxg4 24.hxg4 Bxg4 25.Rh6 Qc7 26.b3 Rg8 27.Bd4 Bxd1 28.Qxd1 Rxg1 29.Qxg1 Rg8
30.Qh1 Rg6  1-0

[Event "Wiesbaden op"]
[Site "Wiesbaden"]
[Date "1991.??.??"]
[Round "3"]
[White "Zimmermann, Frank"]
[Black "Galdunts, Sergey"]
[Result "0-1"]
[WhiteElo "2255"]
[BlackElo "2470"]

1.e4 g6 2.d4 Bg7 3.Nc3 a6 4.Be3 b5 5.Qd2 Bb7 6.f3 d6 7.a4 c6 8.Bd3 Nd7 9.Nge2 Rc8
10.Ng3 h5 11.O-O b4 12.Nd1 c5 13.dxc5 dxc5 14.Qe2 h4 15.Nh1 Qa5 16.Bc4 Ne5
17.Nhf2 Nf6 18.Bg5 Nxc4 19.Qxc4 Nd7 20.c3 Nb6 21.Qe2 c4 22.Bd2 b3 23.Ne3 Rc5
24.Rfe1 O-O 25.Neg4 Bc8 26.Be3 Rc6 27.Bxb6 Qxb6 28.a5 Qb5 29.Red1 Be6 30.Ne3 Rc5
31.f4 Qc6 32.Qf3 f5 33.g3 hxg3 34.hxg3 g5 35.Qg2 gxf4 36.gxf4 fxe4 37.Nxe4 Bh3
38.Qxh3 Qxe4 39.Ng2 Qf5 40.Qe3 Rc6 41.Re1 Rh6 42.Qxe7 Qh7 43.Qe2 Kh8 44.Qf3 Rh3
45.Qg4 Rg8 46.Qd7 Rh2 47.Re3 Rxg2+  0-1

[Event "Biel op"]
[Site "Biel"]
[Date "1992.??.??"]
[Round "3"]
[White "Anka, Emil"]
[Black "Hornung, Hans"]
[Result "1-0"]
[WhiteElo "2370"]
[BlackElo "2300"]

1.e4 g6 2.d4 Bg7 3.Nc3 a6 4.Be3 b5 5.Bd3 Bb7 6.a4 b4 7.Nce2 f5 8.f3 e6 9.Qd2 a5
10.Bg5 Bf6 11.Nh3 Bxg5 12.Nxg5 h6 13.Nh3 Qh4+ 14.Nf2 Ne7 15.c3 Na6 16.O-O O-O
17.Nc1 bxc3 18.bxc3 c5 19.Nb3 cxd4 20.cxd4 Nb4 21.Nxa5 Nxd3 22.Nxb7 Nxf2
23.Qxf2 Qxf2+ 24.Rxf2 fxe4 25.fxe4 Rxf2 26.Kxf2 Nc6 27.Ke3 Nb4 28.Kd2 Rf8
29.Kc3 Na6 30.Kc4 Rf2 31.Kb5 Nb8 32.Kb6 Rb2+ 33.Kc7 Na6+ 34.Kc8 Rb4 35.Nc5 Rc4
36.Kb7 Nb4 37.a5 Rxd4 38.a6 Nxa6 39.Rxa6 Kf7 40.Ra7 Kf6 41.Kc8 d6 42.Nd7+ Kg5
43.Ra2 Rxe4 44.Kc7 Rd4 45.Nf8 Kf5 46.Rf2+ Rf4 47.Rxf4+ Kxf4 48.Kxd6 g5 49.Nxe6+ Ke3
50.Ke5 Kf2 51.g4  1-0

[Event "CSR-chT"]
[Site "CSR"]
[Date "1992.??.??"]
[Round "?"]
[White "Hajek, Michal"]
[Black "Vokac, Marek"]
[Result "0-1"]
[WhiteElo "2315"]
[BlackElo "2450"]

1.e4 g6 2.d4 Bg7 3.Nc3 d5 4.exd5 Nf6 5.Bb5+ Nbd7 6.Nge2 O-O 7.O-O Nb6 8.Nf4 Nbxd5
9.Ncxd5 Nxd5 10.c3 Nxf4 11.Bxf4 Be6 12.Be2 c6 13.Bg4 Bxg4 14.Qxg4 Qb6 15.Rab1 Rad8
16.Rfe1 e6 17.Be5 Bxe5 18.Rxe5 Rd5 19.Rxd5 cxd5 20.h4 h5 21.Qg5 Rc8 22.Qd2 Qd8
23.g3 b5 24.Re1 a5 25.Kg2 Qb6 26.g4 hxg4 27.h5 Qd8 28.hxg6 Qf6 29.gxf7+ Kxf7
30.Rh1 Qf3+ 31.Kg1 Qf5 32.Qe2 Rg8 33.Qxb5 g3 34.Qe2 gxf2+ 35.Kf1 Qb1+ 36.Kxf2 Qxh1  0-1

[Event "FRA-chT"]
[Site "?"]
[Date "1992.??.??"]
[Round "?"]
[White "Murrey, Jacob"]
[Black "Michalet, Guy"]
[Result "1-0"]
[WhiteElo "2445"]
[BlackElo "2240"]

1.e4 g6 2.d4 Bg7 3.Nc3 Nc6 4.Be3 d5 5.exd5 Nb4 6.Bb5+ Bd7 7.Bc4 Bf5 8.Bb3 Nf6
9.Qd2 O-O 10.Nf3 Nbxd5 11.Nxd5 Nxd5 12.Bh6 Be4 13.Bxg7 Kxg7 14.Ng5 Bxg2 15.Rg1 h6
16.Nxf7 Rxf7 17.Rxg2 Rf6 18.O-O-O Nf4 19.Rg3 Qd6 20.Re3 Rd8 21.c4 c6 22.Re5 Rd7
23.Qe3 b6 24.a3 c5 25.Re4 cxd4 26.Rexd4 Qxd4 27.Rxd4 Rxd4 28.Qxe7+ Rf7 29.Qe5+ Kh7
30.Kb1 Rfd7 31.Ba4 Rd8 32.Qe7+ Kh8 33.Qxa7 Rxc4 34.Qxb6 Rdc8 35.Qf6+ Kh7
36.Qf7+ Kh8 37.Bb3 Rc1+ 38.Ka2 g5 39.Qf6+ Kh7 40.h4 R1c6 41.Qf5+ Kh8 42.hxg5 hxg5
43.Qxg5 Nd3 44.Qh4+ Kg7 45.Qg3+  1-0

[Event "Gausdal Int"]
[Site "Gausdal"]
[Date "1992.??.??"]
[Round "2"]
[White "Johnsen, Sverre"]
[Black "Berntsen, Sheila Barth"]
[Result "1-0"]
[WhiteElo "2220"]
[BlackElo "2060"]

1.d4 g6 2.e4 Bg7 3.Nc3 c5 4.dxc5 Qa5 5.Ne2 Nf6 6.Ng3 Qxc5 7.Be3 Qb4 8.e5 Ng4
9.Bd2 Nxe5 10.Nd5 Qxb2 11.Rb1 Qxa2 12.Nc7+ Kd8 13.Nxa8 b6 14.Nxb6 axb6 15.Rxb6 Nbc6
16.Be2 h5 17.f4 Nc4 18.Rxc6 Nxd2 19.Rxc8+ Kxc8 20.Qxd2 Qa1+ 21.Qd1 Qc3+ 22.Kf1 h4
23.Ne4 Qe3 24.Bf3 Qxf4 25.Qd3 Kd8 26.Ke2 f5 27.Rd1 d6 28.Nf2 Qxh2 29.Qa6 Qe5+
30.Kf1 Qc5 31.Bc6 e6 32.Qb7  1-0

[Event "Gausdal Int"]
[Site "Gausdal"]
[Date "1992.??.??"]
[Round "2"]
[White "Jansa, Vlastimil"]
[Black "Fries Nielsen, Jens Ove"]
[Result "1-0"]
[WhiteElo "2455"]
[BlackElo "2385"]

1.e4 g6 2.d4 Bg7 3.Nc3 Nc6 4.d5 Nb8 5.Be3 d6 6.Qd2 c6 7.Nf3 Nf6 8.a4 O-O
9.h3 a5 10.Be2 Na6 11.O-O Nb4 12.Bc4 Bd7 13.Bb3 Qc8 14.Rad1 Be8 15.Bh6 Qc7
16.Rfe1 Bd7 17.Bxg7 Kxg7 18.dxc6 Bxc6 19.Nd5 Bxd5 20.exd5 Na6 21.Qe2 Rfe8
22.Bc4 Nc5 23.Bb5 Ncd7 24.Qd2 Rac8 25.c3 Qd8 26.Re3 Rc5 27.c4 Rf8 28.Rde1 Ng8
29.b3 Ndf6 30.Nd4 Qc7 31.f4 Rd8 32.Kh1 h6 33.Qf2 Qc8 34.Qd2 Qc7 35.Rf1 Ra8
36.Rg3 Kf8 37.Re1 Nh5 38.Rf3 Ng7 39.f5 g5 40.h4 g4 41.Rg3 h5 42.Rge3 Qd8
43.f6 exf6 44.Qf2 f5 45.Re8+ Nxe8 46.Rxe8+ Qxe8 47.Bxe8 Rxe8 48.Nxf5 b6 49.Qf4  1-0

[Event "BL2-W9192"]
[Site "Germany"]
[Date "1992.??.??"]
[Round "?"]
[White "Troltenier, Dirk"]
[Black "Wesseln, Kai"]
[Result "1-0"]
[WhiteElo "2300"]
[BlackElo "2330"]

1.e4 g6 2.d4 Bg7 3.Nc3 c5 4.dxc5 Qa5 5.Ne2 Nf6 6.Qd3 Qxc5 7.Be3 Qa5 8.g3 Nc6
9.Bg2 O-O 10.h3 d5 11.exd5 Nb4 12.Qd2 Rd8 13.O-O Nbxd5 14.Rfd1 Qa6 15.Nxd5 Nxd5
16.c4 Bxh3 17.cxd5 Bxg2 18.Kxg2 Rd7 19.Nc3 Rad8 20.Bd4 e5 21.Be3 f5 22.Bg5 Bf6
23.Bxf6 Qxf6 24.Qe3 g5 25.Re1 Re8 26.Rad1 f4 27.Qf3 g4 28.Qxg4+ Rg7 29.Ne4 Qb6
30.Qh5 Rf8 31.Qxe5 Qa5 32.Nf6+ Kh8 33.Nh5  1-0

[Event "Karvina op"]
[Site "Karvina"]
[Date "1992.??.??"]
[Round "4"]
[White "Gazik, Igor"]
[Black "Bures, Martin"]
[Result "1-0"]
[WhiteElo "2425"]
[BlackElo "2215"]

1.e4 g6 2.d4 Bg7 3.Nc3 c5 4.dxc5 Qa5 5.Bd2 Qxc5 6.Nd5 Na6 7.Nf3 e6 8.Bc3 Bxc3+
9.Nxc3 Ne7 10.Qd2 O-O 11.h4 f6 12.O-O-O Nc7 13.h5 g5 14.e5 h6 15.Ne4 Qd5
16.Nxf6+ Rxf6 17.exf6 Qxa2 18.Qd3 Qa1+ 19.Kd2 Qa5+ 20.c3 Nf5 21.g4 Nd5 22.gxf5 Nf4
23.Qd6 Qa2 24.Kc2 exf5 25.Ne5 Qa4+ 26.Kd2 Ne6 27.Bc4  1-0

[Event "ARG-ch sf1"]
[Site "La Plata"]
[Date "1992.??.??"]
[Round "?"]
[White "Vidal, Jose Raul"]
[Black "Amura, Claudia Noemi"]
[Result "1/2-1/2"]
[WhiteElo "2380"]
[BlackElo "2355"]

1.e4 g6 2.d4 Bg7 3.Nc3 c5 4.Nf3 cxd4 5.Nxd4 Nc6 6.Be3 Nf6 7.Nb3 O-O 8.Be2 d6
9.O-O Be6 10.f4 Qc8 11.h3 Nb8 12.Nd5 Re8 13.Bf3 Na6 14.Bd4 Bxd5 15.exd5 Nb4
16.Qd2 Qc4 17.c3 Nbxd5 18.Na5 Qc7 19.Bxd5 Nxd5 20.Bxg7 Qxa5 21.Bd4 e5 22.b4 Qb5
23.fxe5 dxe5 24.Bc5 Qc4 25.Rf2 b6 26.Be3 Nxe3 27.Qxe3 Rad8 28.Raf1 Rd7 29.a3 f5
30.Qg5 f4  1/2-1/2

[Event "Linares NL"]
[Site "Linares"]
[Date "1992.??.??"]
[Round "?"]
[White "Browne, Walter S"]
[Black "Garmendez Gonzalez, Carlos"]
[Result "0-1"]
[WhiteElo "2515"]
[BlackElo "2240"]

1.d4 a6 2.e4 g6 3.Nc3 Bg7 4.Nge2 d6 5.g3 Nf6 6.Bg2 O-O 7.O-O c6 8.h3 e5 9.a4 Nbd7
10.b3 Re8 11.Ba3 Bf8 12.Bb2 Rb8 13.a5 Bg7 14.Re1 Nf8 15.Qd2 N8d7 16.Na4 Qc7
17.dxe5 dxe5 18.Nc1 Bf8 19.Nd3 Nh5 20.Rad1 Ng7 21.Nb6 Nxb6 22.axb6 Qxb6 23.Nxe5 Be6
24.Nd3 Rbd8 25.Qc3 Rd7 26.Kh2 Red8 27.f4 Qb5 28.Bf1 Qh5 29.Bg2 Qb5 30.Re3 c5
31.Ra1 c4 32.Ra5 Qb6 33.Nc5 Rd2 34.b4 Qc6 35.Nxe6 Qxe6 36.Rd5 R8xd5 37.exd5 Qxd5
38.Rf3 b5 39.g4 Re2  0-1

[Event "Manila ol (Women)"]
[Site "Manila"]
[Date "1992.??.??"]
[Round "?"]
[White "Hernandez, Yadira"]
[Black "Segal, Anna"]
[Result "0-1"]
[WhiteElo "2100"]
[BlackElo "2190"]

1.e4 g6 2.d4 Bg7 3.Nc3 d5 4.exd5 Nf6 5.Bc4 Nbd7 6.Nf3 O-O 7.O-O Nb6 8.Bb3 a5
9.a3 Nbxd5 10.Ne2 a4 11.Ba2 b5 12.Ne5 Bb7 13.Re1 e6 14.Bg5 h6 15.Bh4 g5 16.Bg3 Nh5
17.Qd3 Nxg3 18.hxg3 Qd6 19.Nc3 Nxc3 20.bxc3 c5 21.Qxb5 cxd4 22.Qxb7 Bxe5
23.Qe4 Bg7 24.cxd4 Qxd4 25.Rad1 Qxe4 26.Rxe4 Rfc8 27.Bc4 Bf8 28.Rd3 Rab8
29.Kh2 Rb2 30.Rd2 Bxa3 31.Ba6 Rbxc2 32.Rxc2 Rxc2 33.Rxa4 Bd6 34.f3 h5 35.Bd3 Rc3
36.Rd4 Be5 37.Rd8+ Kg7 38.Bb5 h4 39.Kh3 hxg3 40.Rd7 Bf4 41.Ra7 Rc8  0-1

[Event "Manila ol (Women)"]
[Site "Manila"]
[Date "1992.??.??"]
[Round "?"]
[White "Makropoulou, Marina"]
[Black "Segal, Anna"]
[Result "1-0"]
[WhiteElo "2305"]
[BlackElo "2190"]

1.e4 g6 2.d4 Bg7 3.Nc3 d5 4.exd5 Nf6 5.Bc4 Nbd7 6.Bb3 Nb6 7.Nf3 Nfxd5 8.Ne4 a5
9.a3 O-O 10.h3 c6 11.O-O Qc7 12.Qd2 a4 13.Ba2 Bd7 14.c4 Nf6 15.Nc5 Rad8 16.Qb4 Bf5
17.Re1 Rfe8 18.Bd2 Nfd7 19.g4 Bc2 20.Rac1 Bb3 21.Nxb3 axb3 22.Qxb3 e5 23.Ba5 e4
24.c5 Qf4 25.Qxf7+ Qxf7 26.Bxf7+ Kxf7 27.Ng5+ Kg8 28.cxb6 Nf6 29.f3 h6 30.Nxe4 Nxe4
31.Rxe4 Rxe4 32.fxe4 Bxd4+ 33.Kf1 Bxb2 34.Rc4 Bxa3 35.Ke2 Bb2 36.Bd2 g5 37.Ra4 Rd4
38.Ra8+ Kf7 39.Ke3 Rd7 40.Ke2 Ke6 41.Rg8 Kf7 42.Rc8 Be5 43.Be3 Bf6 44.Bc5 Bg7
45.Ke3 Bf6 46.Rf8+ Ke6 47.Rb8 Bg7 48.Ke2 Kf7 49.Bf2 Bf6 50.Bg3 Bd4 51.Bc7 Ke6
52.Rg8 Kf7 53.Rc8 Ke6 54.e5 Kd5 55.Re8 c5 56.e6 Rh7 57.Kd3 c4+ 58.Kc2 Kc6
59.Rc8 Kb5 60.Bd6 Bf6 61.Rc7 Rh8 62.Rf7 Kc6 63.Bf8 Be5 64.e7 Kd7 65.Rf5  1-0

[Event "Mlada Boleslav op"]
[Site "Mlada Boleslav"]
[Date "1992.??.??"]
[Round "3"]
[White "Walek, Milan"]
[Black "Vokac, Marek"]
[Result "1/2-1/2"]
[WhiteElo "2280"]
[BlackElo "2395"]

1.e4 g6 2.d4 Bg7 3.Nc3 d5 4.exd5 Nf6 5.Bc4 Nbd7 6.Nf3 Nb6 7.Qe2 O-O 8.h3 Nfxd5
9.Nxd5 Nxd5 10.O-O c6 11.c3 Qd6 12.Bg5 Be6 13.Rfe1 h6 14.Bh4 Nf4 15.Qf1 Bxc4
16.Qxc4 e6 17.Bg3 Qd5 18.Qxd5 Nxd5 19.Be5 Rfd8 20.Bxg7 Kxg7 21.g3 Rac8 22.Rad1 Nf6
23.Kg2 Rd5 24.Re5 Rcd8 25.Rde1 Nd7 26.R5e2 c5 27.dxc5 Nxc5 28.c4 R5d6 29.b4 Na4
30.Rc2 Rd3 31.Re5 b6 32.Ree2 Rc8 33.Re3 Rd1 34.Ra3 b5 35.c5 Kf6 36.Re3 Nb6
37.Rd2 Rxd2 38.Nxd2 Nd5 39.Rb3 Ke7 40.Ne4 a6 41.f4 f5 42.Nf2 a5 43.bxa5 Rxc5
44.a3 Kd6 45.Nd3 Rc3 46.Rxc3 Nxc3 47.a6 Kc7 48.Nc5 Kb6 49.Nxe6 Kxa6 50.g4 Nb1
51.gxf5 gxf5 52.Nd4 Nxa3 53.Nxf5 Nc2 54.Nd6 b4 55.Kg3 b3 56.Ne4 b2 57.Nd2 Ne3
58.Kf3 Nc4 59.Nb1 Kb5 60.f5 Kb4 61.f6 Kb3  1/2-1/2

[Event "Ponferrada op"]
[Site "Ponferrada"]
[Date "1992.??.??"]
[Round "?"]
[White "Martin Gonzalez, Angel"]
[Black "Palacios de la Prida, Ernesto"]
[Result "1-0"]
[WhiteElo "2435"]
[BlackElo "2250"]

1.e4 g6 2.d4 Bg7 3.Nc3 d5 4.exd5 Nf6 5.Bc4 O-O 6.h3 c6 7.dxc6 Nxc6 8.Nf3 Nd7
9.Bb3 Nb6 10.Be3 Na5 11.Qe2 Nxb3 12.axb3 Nd5 13.Nxd5 Qxd5 14.O-O b6 15.Rfe1 Bb7
16.c4 Qf5 17.d5 e6 18.Bd4 Rfe8 19.Bxg7 Kxg7 20.Qd2 Qf6 21.Ne5 exd5 22.Ng4 Qd6
23.Rxe8 Rxe8 24.Rxa7 Re7 25.cxd5 h5 26.Qd4+ f6 27.Ne3 Kf7 28.g3 b5 29.b4 Rc7
30.Kh2 Ke7 31.Qd3 f5 32.Qxb5 f4 33.Rxb7 fxe3 34.Rxc7+ Qxc7 35.Qe2  1-0

[Event "CSR-ch"]
[Site "Prague"]
[Date "1992.??.??"]
[Round "4"]
[White "Zvara, Petr"]
[Black "Lys, Josef"]
[Result "1-0"]
[WhiteElo "2220"]
[BlackElo "2295"]

1.d4 g6 2.Nc3 Bg7 3.e4 c5 4.d5 Qa5 5.Bd2 d6 6.Nf3 Bg4 7.Be2 Nd7 8.O-O Ngf6
9.Ne1 Bxe2 10.Qxe2 a6 11.f4 O-O 12.a4 Qb4 13.Nf3 Nb6 14.a5 Nc4 15.Ra4 Nxd2
16.Rxb4 Nxf3+ 17.Rxf3 cxb4 18.Na4 Nd7 19.Rb3 Nc5 20.Rxb4 Nxa4 21.Rxa4 Bxb2
22.Rb4 Bc3 23.Rxb7 Bxa5 24.Rxe7 Bb4 25.Kf1 a5 26.Qb5 a4 27.Qxb4 a3 28.Qb1 a2
29.Qa1 Rfc8 30.Ke2 Rxc2+ 31.Kd3 Rb2 32.Qxb2  1-0

[Event "Prague Chip"]
[Site "Prague"]
[Date "1992.??.??"]
[Round "5"]
[White "Keitlinghaus, Ludger"]
[Black "Vokac, Marek"]
[Result "1/2-1/2"]
[WhiteElo "2440"]
[BlackElo "2450"]

1.e4 g6 2.d4 Bg7 3.Nc3 d5 4.exd5 Nf6 5.Bc4 Nbd7 6.Bg5 Nb6 7.Bxf6 Bxf6 8.Bb3 a5
9.a4 O-O 10.Nge2 c6 11.dxc6 bxc6 12.O-O Ba6 13.Re1 Nc4 14.Rb1 Nd6 15.Qd2 Rb8
16.Rbd1 Bc4 17.Nc1 e6 18.Ne4 Nxe4 19.Rxe4 Qd5 20.Ree1 Bxb3 21.Nxb3 Rb4 22.g3 Rd8
23.Qf4 Kg7 24.Qc7 Rd7 25.Qxa5 Qxa5 26.Nxa5 Rxb2 27.c3 Ra7 28.Nxc6 Rxa4 29.Ne5 Bxe5
30.dxe5 Raa2 31.Rf1 g5 32.c4 Ra5 33.Rc1 Rxe5 34.c5 Rb7 35.c6 Rc7 36.Rc2 Rb5
37.g4 Rb4 38.h3 Kf6 39.Kg2 Rb5 40.Rd1 Ke7 41.Rd3 Rd5 42.Rb3 Kd6 43.Rb8 Rxc6
44.Rxc6+ Kxc6 45.Rh8  1/2-1/2

[Event "CSR-ch"]
[Site "Prague"]
[Date "1992.??.??"]
[Round "10"]
[White "Repkova Eid, Eva"]
[Black "Nedela, Vlastimil"]
[Result "0-1"]
[WhiteElo "2185"]
[BlackElo "2390"]

1.e4 g6 2.d4 Bg7 3.Nc3 Nc6 4.Nge2 e5 5.d5 Nb8 6.d6 c6 7.Be3 Nf6 8.Ng3 b6
9.Na4 O-O 10.b4 Ne8 11.c4 f5 12.exf5 gxf5 13.Nh5 f4 14.Bc1 Bh6 15.Bb2 Qg5
16.Be2 Ba6 17.b5 Bb7 18.Bf3 Qf5 19.Nc3 Qe6 20.Ne4 a6 21.O-O axb5 22.cxb5 Ra5
23.Bc3 Rxb5 24.Be2 Rd5 25.Bc4 Qg6 26.Re1 Rf5 27.Nhg3 Rf7 28.Qb3 b5 29.Bxd5 cxd5
30.Qxb5 fxg3 31.Qxb7 dxe4 32.hxg3 Nc6 33.Qc8 Kf8 34.Rab1 e3 35.f4 exf4 36.Be5 Bg7
37.Bxf4 Bd4 38.Rbd1 e2+ 39.Rxd4 Nxd4 40.Qc3 Qf6 41.Kf2 Ne6 42.Qxf6 Rxf6 43.Rxe2 Nxf4
44.gxf4 Rxf4+ 45.Kg3 Ra4 46.Re7 Nf6 47.Kh3 Rxa2 48.g4 h6 49.Re1 Rd2  0-1

[Event "Morava-ch U20"]
[Site "Valtice"]
[Date "1992.??.??"]
[Round "2"]
[White "Sluka, Radek"]
[Black "Rachunek, Martin"]
[Result "1/2-1/2"]
[WhiteElo "2270"]
[BlackElo "1950"]

1.e4 g6 2.d4 Bg7 3.Nc3 c5 4.Be3 Qa5 5.Qd2 cxd4 6.Bxd4 Nf6 7.e5 Nd5 8.Nf3 Nc6
9.Nxd5 Qxd5 10.Bc3 Qxd2+ 11.Kxd2 a6 12.a4 b6 13.Bc4 h6 14.Rad1 Bb7 15.Kc1 Rc8
16.e6 Kf8 17.Bxg7+ Kxg7 18.Rxd7 Nd8 19.Bb3 Bxf3 20.gxf3 Nxe6 21.Bxe6 fxe6
22.Rxe7+ Kf6 23.Rd7 Rc6 24.Rhd1 Rhc8 25.c3 b5 26.axb5 axb5 27.R7d6 Rc5 28.Re1 Re8
29.Rb6 Rh5  1/2-1/2

[Event "Morava-ch U20"]
[Site "Valtice"]
[Date "1992.??.??"]
[Round "3"]
[White "Koudela, J."]
[Black "Rachunek, Martin"]
[Result "1/2-1/2"]
[WhiteElo "1955"]
[BlackElo "1950"]

1.e4 g6 2.d4 Bg7 3.Nc3 c5 4.Nge2 Qa5 5.Be3 Nf6 6.f3 d6 7.Qd2 O-O 8.d5 b5
9.Bh6 Nbd7 10.Bxg7 Kxg7 11.Ng3 a6 12.Be2 Qb6 13.a4 b4 14.Nd1 a5 15.Ne3 Qc7
16.h4 Ne5 17.h5 c4 18.Qd4 c3 19.bxc3 Qxc3+ 20.Qxc3 bxc3 21.Nd1 Bd7 22.h6+ Kg8
23.Nxc3 Rfc8 24.Kd2 Nc4+ 25.Bxc4 Rxc4 26.Nge2 e6  1/2-1/2

[Event "Wuerzburg op"]
[Site "Wuerzburg"]
[Date "1992.??.??"]
[Round "?"]
[White "Mazi, Leon"]
[Black "Welz, Thomas"]
[Result "1/2-1/2"]
[WhiteElo "2315"]
[BlackElo "2345"]

1.e4 g6 2.d4 Bg7 3.Nc3 d5 4.Nxd5 c6 5.Ne3 Qxd4 6.Qxd4 Bxd4 7.Nf3 Bg7 8.c3 Nf6
9.Nd2 Nbd7 10.f3 Nc5 11.Nb3 Na4 12.Bd3 Nd7 13.Nd4 a5 14.O-O e5 15.Ne2 b5
16.Bc2 Ba6 17.Rd1 Nac5 18.b4 axb4 19.cxb4 Ne6 20.Bb2 Ke7 21.Bb3 Rhd8 22.Rac1 Bb7
23.Kf2 Ndf8 24.Nc2 Rxd1 25.Rxd1 Rd8 26.Rxd8 Kxd8 27.Nc1 Bc8 28.Nd3 f6 29.Bc1 Nc7
30.Be3 Be6 31.Nc5 Bxb3 32.Nxb3 Nce6 33.Ne1 Nd7 34.Nd3 Bf8 35.g4 Kc7 36.Ke2 Nb6
37.Nbc5 Nxc5 38.Bxc5 Bxc5 39.Nxc5 Kd6  1/2-1/2

[Event "Baden-Baden op"]
[Site "Baden-Baden"]
[Date "1993.??.??"]
[Round "5"]
[White "Bartels, Holger"]
[Black "Welz, Thomas"]
[Result "0-1"]
[WhiteElo "2175"]
[BlackElo "2330"]

1.e4 g6 2.d4 Bg7 3.Nc3 c5 4.Nf3 cxd4 5.Nxd4 Nc6 6.Be3 Nf6 7.Be2 d6 8.f3 Bd7
9.Qd2 h5 10.Nxc6 bxc6 11.Bc4 Qa5 12.O-O O-O 13.Kh1 Rab8 14.Rab1 Rfc8 15.Rfc1 Be8
16.Qf2 Rxb2 17.Rxb2 Qxc3 18.Ba6 Qxb2 19.Bxc8 Qxa2 20.Bd4 c5 21.Ra1 Qc4 22.Bxf6 Bxf6
23.Rxa7 Ba4 24.e5 Bxe5 25.Rxe7 Bxc2 26.Bb7 Bf5 27.Be4 Bxe4 28.fxe4 Qc1+ 29.Qg1 Qf4
30.Rxe5 dxe5 31.Qb1  0-1